Normal view
MARC view
- Parker, Allan
Entry Personal Name
001 - CONTROL NUMBER
- control field: 4515
003 - CONTROL NUMBER IDENTIFIER
- control field: OSt
005 - DATE AND TIME OF LATEST TRANSACTION
- control field: 20170515142803.0
008 - FIXED-LENGTH DATA ELEMENTS
- fixed length control field: 170515|| aca||aabn | a|a d
040 ## - CATALOGING SOURCE
- Original cataloging agency: OSt
- Transcribing agency: OSt
100 ## - HEADING--PERSONAL NAME
- Personal name: Parker, Allan
670 ## - SOURCE DATA FOUND
- Source citation: Work cat.: (OSt)0: Cutler-Stuart, Margaret 4511, Switch on your brain :, 1987

PORTAL AKMAL
E-MEL JKDM
AKMAL2U
G-BAM
u-PUSTAKA